000 00812nam a2200265Ia 4500
003 OSt
005 20221005043717.0
006 a|||||r|||| 00| 0
007 ta
008 221004b |||||||| |||| 00| 0 eng d
020 _a8182900071
_c675
024 _a81687
037 _b581, 30/03/2005, Eastern Book Linkers
_cTextual
040 _aCRL
_cCRL
_beng
041 _2eng
_aeng
082 _aU8.498xNI, P4
100 _aAsh Niema
_9591848
245 0 _aTouching Tibet
_b A journey into this forbidden Kingdom
260 _aGurgaon
_bSnubni Publications India
_c2004
300 _a234p.
_ccm.
650 _a GEOGRAPHY
650 _aTIBET - DESCRIPTION AND TRAVELS
942 _hU8.498xNI, P4
_cTEXL
_2cc
999 _c952315
_d952315